000 00302nam a2200121Ia 4500
008 190216s9999||||xx |||||||||||||| ||und||
100 _aFinar I L
245 0 _aOrganic Chemistry Vol 1
260 _bThe English Language Book Society
_c1973
300 _a964p
650 _aOrganic Chemistry
942 _cBK
999 _c2493
_d2493